000
00367nam a2200133Ia 4500
008
100328s9999 xx 000 0 und d
082
_b
63356
100
_a
ाामणे राजेंद्र.
245
_a
काळसर्प.
260
_b
राजश्री.
630
_a
काळसर्प.
730
_a
काळसर्प.
942
_c
BOOK
999
_c
549244
_d
549241